Records de chaque autoroutes en France - Statistiques

Statistiques générales
  • Ce quiz a été pris 153 fois
    116 depuis la dernière actualisation
  • Le résultat moyen est 8 sur 15
Statistiques - réponses
Indices Autoroute % Correct
Autoroute la plus fréquentée A1
98%
Autoroute la plus longe A10
90%
Autoroute la plus dangereuse A8
86%
Autoroute la moins fréquentée A5
68%
La plus ancienne autoroute A13
67%
Autoroute la plus pittoresque A13
67%
Autoroute la plus chère A14
57%
Autoroute la plus haute (en moyenne) A75
57%
Autoroute avec le tunnel le plus long A86
47%
Autoroute la plus basse (en moyenne) A35
42%
Autoroute la plus récente A79
40%
Autoroute la moins chère A68
34%
Autoroute la plus isolée A69
27%
Autoroute la plus courte A623
9%
Autoroute avec le plus grand nombres de transits de poids lourds A355
2%
Aucun quiz correspondant
Distribution des résultats
% des personnes avec chaque résultat
Percentile par nombre de réponses
Votre historique - résultats
Vous n’avez pas pris ce quiz depuis la dernière actualisation